000 01001nam a2200229Ia 4500
003 OSt
005 20210613182401.0
008 210310s1997 eu ab gr 000 0 eng d
040 _aCO-JMCR
_cCO-JMCR
041 0 _aeng
082 0 4 _a333.72 /
_bW927n
_223
110 2 _aThe World Bank
_99685
245 1 0 _aNicaragua :
_bAtlantic biological corridor project /
_cThe World Bank
260 _aWashington :
_bGlobal environment facility,
_c1997
300 _a3 hojas plegables, 133 páginas :
_bilustraciones y mapas a color ;
_c28 cm.
490 0 _aDocumento de proyecto (Fondo para el Medio Ambiente Mundial)
505 0 _aBackground -- The project -- Project costs and financing -- Project organization and implementation -- Project justification -- Agreed actions and recommendations
650 1 4 _aConservación de la biodiversidad
_916008
_zNicaragua
650 2 4 _aConservación de recursos naturales
_zNicaragua
_938350
650 2 4 _aInversiones Extranjeras
_zNicaragua
_938351
942 _2ddc
_cBK
999 _c7986
_d7986